[Event "Match"]
[Site "www.echecsemail.com"]
[Date "2018.02.08"]
[Round "1"]
[White "Ericleo1980"]
[Black "Numanoid"]
[WhiteElo "2220"]
[BlackElo "2410"]
[Result "1/2-1/2"]
[Round "1"]
1.d4 d5
2.Ng1f3 Ng8f6
3.c4 c6
4.Nb1c3 e6
5.Bc1g5 dxc4
6.e4 b5
7.e5 h6
8.Bg5h4 g5
9.Nf3xg5 hxg5
10.Bh4xg5 Nb8d7
11.exf6 Bc8b7
12.g3 Qd8b6
13.Bf1g2 c5
14.d5 O-O-O
15.O-O b4
16.Nc3a4 Qb6b5
17.dxe6 Bb7xg2
{ draw }
1/2-1/2

[Event "Match"]
[Site "www.echecsemail.com"]
[Date "2018.02.08"]
[Round "1"]
[White "Gidi5"]
[Black "Comrade"]
[WhiteElo "2290"]
[BlackElo "2330"]
[Result "1-0"]
[Round "1"]
1.e4 c5
2.Ng1f3 Nb8c6
3.Bf1b5 e6
4.Bb5xc6 dxc6
5.O-O g6
6.d3 Bf8g7
7.c3 Ng8e7
8.Bc1e3 b6
9.Nb1a3 Bc8a6
10.Nf3e1 O-O
11.Na3c2 Qd8c7
12.Qd1d2 Rf8d8
13.Be3f4 Qc7d7
14.Ra1d1 f5
15.f3 e5
16.Bf4h6 Bg7xh6
17.Qd2xh6 f4
18.Rf1f2 Kh8
19.Rf2d2 Ne7g8
20.Qh6g5 Qd7e6
21.d4 h6
22.Qg5xe5 Qe6xe5
23.dxe5 Rd8xd2
24.Rd1xd2 Ba6c8
25.Rd2d6 Ng8e7
26.Ne1d3 g5
27.Rd6xh6 Kg7
28.Rh6d6 Bc8a6
29.Nd3f2 Ba6c4
30.Nf2h3 Ne7g6
31.b3 Bc4f7
32.e6 Bf7g8
33.Rd6xc6 Kf6
34.e7 Kxe7
35.Rc6xg6 Ra8d8
36.Nh3f2 Bg8f7
37.Rg6xg5 Rd8d2
38.Nc2e1 Rd2xa2
39.Nf2d3 Ra2a1
40.Kf1 Bf7xb3
41.Nd3xf4 Bb3c4
42.Kf2 Ra1d1
43.h4 Rd1d6
44.e5 Rd6d2
45.Ke3 Rd2d1
46.Nf4d3 Bc4d5
47.Rg5g7 Kf8
48.Rg7xa7 c4
49.Ke2 Rd1b1
50.Nd3f4 Bd5f7
51.e6 Rb1b2
52.Ke3 Bf7e8
53.h5 { resign }
1-0

[Event "Fast Game"]
[Site "www.echecsemail.com"]
[Date "2018.02.08"]
[Round "1"]
[White "Axphis"]
[Black "Pellix84"]
[WhiteElo "1599"]
[BlackElo "1630"]
[Result "1-0"]
[Round "1"]
1.d4 Ng8f6
2.Ng1f3 e6
3.g3 Bf8e7
4.Bf1g2 O-O
5.c4 c5
6.O-O d6
7.dxc5 dxc5
8.Qd1b3 a5
9.Nb1c3 Nb8a6
10.Rf1d1 Qd8e8
11.Nf3e5 Ra8b8
12.Bc1f4 Na6c7
13.Bg2c6 bxc6
14.Qb3xb8 Nc7a6
15.Qb8a8 Na6b4
16.Qa8xa5 Bc8b7
17.Qa5c7 { resign }
1-0

[Event "Fast Game"]
[Site "www.echecsemail.com"]
[Date "2018.02.08"]
[Round "1"]
[White "Pellix84"]
[Black "Zack1984"]
[WhiteElo "1610"]
[BlackElo "1599"]
[Result "0-1"]
[Round "1"]
1.d4 Ng8f6
2.g3 g6
3.Bf1g2 Bf8g7
4.e3 d5
5.Nb1d2 O-O
6.Ng1e2 Nb8d7
7.O-O e5
8.c4 c6
9.b3 e4
10.Nd2b1 Rf8e8
11.Nb1c3 Nd7f8
12.cxd5 cxd5
13.Ne2f4 Bc8g4
14.f3 exf3
15.Bg2xf3 Bg4xf3
16.Qd1xf3 Nf8e6
17.Nf4xd5 Nf6xd5
18.Nc3xd5 Ne6g5
19.Nd5f6 Kh8
20.Qf3f4 Ng5h3
{ resign }
0-1

[Event "Tourn. n9673"]
[Site "www.chess-mail.com"]
[Date "2018.02.09"]
[Round "1"]
[White "Aniruddhadg"]
[Black "Rons"]
[WhiteElo "2259"]
[BlackElo "2690"]
[Result "1-0"]
[Round "1"]
1.d4 Ng8f6
2.c4 e6
3.g3 d5
4.Ng1f3 Bf8e7
5.Bf1g2 a6
6.O-O O-O
7.Nb1c3 dxc4
8.Nf3e5 Nf6d5
9.Ne5xc4 Nb8c6
10.e4 Nd5xc3
11.bxc3 b5
12.Nc4e3 Ra8b8
13.a4 b4
14.Bc1b2 Rf8e8
15.Qd1d3 a5
16.Rf1d1 e5
17.d5 bxc3
18.Bb2xc3 Nc6b4
19.Qd3e2 Bc8a6
20.Qe2f3 Be7c5
21.Rd1d2 Rb8b6
22.Ne3g4 Qd8d6
23.Ra1c1 f6
24.Ng4e3 Qd6d7
25.h4 Qd7xa4
26.Rc1a1 Qa4b3
27.Ne3f5 g6
28.Ra1xa5 Qb3c4
29.Nf5h6 Kg7
30.Nh6g4 Bc5d4
31.Bc3xd4 exd4
32.d6 Rb6xd6
33.e5 fxe5
34.Ng4xe5 Qc4e6
35.Qf3a3 Rd6b6
36.Ne5f3 Re8f8
37.Kh2 Rf8xf3
38.Bg2xf3 Qe6d6
39.h5 c5
40.h6 Kxh6
41.Qa3c1 Kg7
42.Ra5xc5 Nb4d3
43.Rc5c7 Kf6
44.Rd2xd3 Ba6xd3
45.Rc7xh7 Rb6b8
46.Qc1h6 Rb8f8
47.Rh7a7 { resign }
1-0

[Event "Tourn. n9661"]
[Site "www.chess-mail.com"]
[Date "2018.02.09"]
[Round "1"]
[White "Izastar"]
[Black "Dalen"]
[WhiteElo "1979"]
[BlackElo "1379"]
[Result "1-0"]
[Round "1"]
1.f4 g5
2.fxg5 d5
3.Ng1f3 Bc8g4
4.Nf3e5 f6
5.Ne5xg4 Nb8c6
6.d3 h5
7.Ng4f2 e5
8.gxf6 Ng8xf6
9.Bc1g5 Bf8b4
10.Bg5d2 Bb4xd2
11.Nb1xd2 Nc6d4
12.c3  { time }
1-0

[Event "Tourn. n9704"]
[Site "www.chess-mail.com"]
[Date "2018.02.09"]
[Round "1"]
[White "Osopanda"]
[Black "Iko"]
[WhiteElo "1840"]
[BlackElo "1660"]
[Result "0-1"]
[Round "1"]
1.e4 e5
2.Ng1f3 d6
3.d4 Nb8c6
4.Bf1b5 Bc8d7
5.O-O Nc6xd4
6.Bb5xd7 Qd8xd7
7.Nf3xd4 exd4
8.Qd1xd4 c5
9.Qd4d3 Bf8e7
10.c4 Ng8f6
11.Nb1c3 O-O
12.Bc1g5 Qd7g4
13.Bg5xf6 Be7xf6
14.Nc3d5 Bf6xb2
15.Ra1b1 Bb2d4
16.Kh1 b6
17.f3 Qg4g5
18.h4 Qg5xh4
{ resign }
0-1

[Event "Tourn. n9674"]
[Site "www.chess-mail.com"]
[Date "2018.02.09"]
[Round "1"]
[White "Orhany24"]
[Black "Johnmcbride"]
[WhiteElo "2110"]
[BlackElo "2070"]
[Result "1-0"]
[Round "1"]
1.e4 e5
2.Ng1f3 Nb8c6
3.Bf1c4 Bf8c5
4.c3 Ng8f6
5.O-O Nf6xe4
6.d4 exd4
7.cxd4 d5
8.Bc4b5 Bc5d6
9.Nb1c3 a6
10.Bb5e2 Bc8g4
11.h3 Bg4xf3
12.Be2xf3 Ne4xc3
13.bxc3 Nc6e7
14.Bc1g5 f6
15.Bg5h4 g5
16.Bf3h5 Ne7g6
17.Rf1e1 Kf8
18.Bh4g3 Bd6xg3
19.fxg3 b5
20.a4 bxa4
21.Qd1xa4 Qd8d6
22.Kh2 f5
23.Bh5xg6 hxg6
24.Re1e5 Kg7
25.Ra1e1 Kh6
26.Qa4d1 c6
27.Qd1d2 Ra8a7
28.h4 Kg7
29.Qd2xg5 Qd6d8
30.Re5e7 Ra7xe7
31.Re1xe7 { resign }
1-0

[Event "Tourn. n9714"]
[Site "www.chess-mail.com"]
[Date "2018.02.09"]
[Round "1"]
[White "Mitja"]
[Black "Piekki"]
[WhiteElo "2060"]
[BlackElo "2170"]
[Result "0-1"]
[Round "1"]
1.d4 Ng8f6
2.e3 g6
3.c3 Bf8g7
4.Ng1f3 O-O
5.Bf1c4 d5
6.Bc4b3 Bc8g4
7.h3 Bg4xf3
8.Qd1xf3 c6
9.Bb3c2 Nb8d7
10.O-O e5
11.dxe5 Nd7xe5
12.Qf3e2 Nf6e4
13.Rf1d1 Qd8h4
14.Bc2xe4 dxe4
15.Nb1d2 Ra8d8
16.b3 Ne5d3
17.Nd2b1 Bg7e5
18.Bc1b2 Nd3xb2
19.Rd1xd8 Rf8xd8
20.Nb1a3 Be5xc3
21.Na3c4 Nb2xc4
22.Ra1c1 Rd8d2
23.Qe2e1 Nc4b2
24.Rc1xc3 Rd2d1
25.Qe1xd1 Nb2xd1
26.Rc3c2 Qh4d8
{ resign }
0-1

[Event "Tourn. n9579"]
[Site "www.chess-mail.com"]
[Date "2018.02.09"]
[Round "1"]
[White "Cal"]
[Black "Julian"]
[WhiteElo "1690"]
[BlackElo "1530"]
[Result "0-1"]
[Round "1"]
1.d4 d6
2.h3 Ng8f6
3.Nb1c3 Nb8d7
4.e4 e5
5.d5 Bf8e7
6.a3 O-O
7.Ng1f3 Rf8e8
8.b4 Nd7f8
9.Bc1g5 Nf8g6
10.Bf1d3 h6
11.Bg5xf6 Be7xf6
12.O-O Ng6f4
13.a4 g6
14.Qd1d2 Bf6g7
15.b5 Bc8d7
16.Nc3e2 f5
17.exf5 gxf5
18.Ne2g3 Nf4xd3
19.Qd2xd3 e4
20.Qd3e3 exf3
21.Qe3xf3 Bg7xa1
22.Rf1xa1 Qd8g5
23.c4 Kh8
24.Qf3c3 Kh7
25.Qc3d4 Re8e5
26.c5 Ra8e8
27.c6 bxc6
28.bxc6 Bd7c8
29.Kh2 f4
30.Qd4d3 Bc8f5
31.Ng3xf5 Re5xf5
32.g4 Re8e5
33.gxf5 Re5xf5
34.Ra1g1 Qg5f6
35.f3 h5
36.a5 Kh6
37.Qd3d2 Rf5g5
38.Qd2f2 Rg5xg1
39.Kxg1 Qf6g5
40.Kf1 Qg5xd5
41.Qf2e2 Kg6
42.Qe2e8 Kg5
43.Qe8e7 Kg6
44.Qe7e8 Qd5f7
45.Qe8e4 Kg5
46.Kg1 Kh4
47.Kh2 Qf7a2
48.Kg1 Kxh3
49.Qe4f5 Kg3
50.Qf5g5 Kxf3
51.Qg5xh5 Ke3
52.Qh5h3 f3
53.Qh3h6 Kd4
54.Qh6f4 Kc5
55.Qf4xf3 Qa2xa5
56.Qf3f5 Kb6
57.Qf5b1 Kxc6
58.Qb1c2 Qa5c5
{ resign }
0-1

[Event "Tourn. n9664"]
[Site "www.chess-mail.com"]
[Date "2018.02.09"]
[Round "1"]
[White "Fabos12"]
[Black "Fantomas"]
[WhiteElo "2010"]
[BlackElo "2210"]
[Result "0-1"]
[Round "1"]
1.d4 f5
2.c4 Ng8f6
3.Ng1f3 e6
4.Nb1c3 d6
5.Bc1g5 Bf8e7
6.Ra1c1 O-O
7.Bg5xf6 Be7xf6
8.e4 Nb8c6
9.a3 Qd8e7
10.Bf1e2 a6
11.O-O f4
12.Rf1e1 Qe7f7
13.Be2f1 Qf7h5
14.Bf1e2 Qh5g6
15.Be2f1 Qg6h5
16.Bf1e2 Qh5h6
17.Be2f1 g5
18.e5 Bf6g7
19.exd6 cxd6
20.Nc3e4 g4
21.Nf3g5 d5
22.cxd5 exd5
23.Qd1b3 Rf8d8
24.f3 Nc6xd4
25.Qb3a2 Qh6b6
26.Kh1 h6
27.fxg4 hxg5
28.Ne4xg5 Bc8xg4
29.h3 Qb6h6
30.Re1e8 Rd8xe8
31.Qa2xd5 Bg4e6
32.Ng5xe6 Qh6xe6
33.Bf1c4 Qe6xd5
34.Bc4xd5 Kh7
{ resign }
0-1

[Event "Tourn. n9692"]
[Site "www.chess-mail.com"]
[Date "2018.02.09"]
[Round "1"]
[White "Seger"]
[Black "Coolant"]
[WhiteElo "2780"]
[BlackElo "2340"]
[Result "1-0"]
[Round "1"]
1.e4 Nb8c6
2.d4 d5
3.e5 f6
4.f4 Bc8f5
5.c3 e6
6.Ng1f3 Bf5e4
7.Nb1d2 f5
8.Bf1e2 Ng8h6
9.b4 Bf8e7
10.O-O O-O
11.a4 Nh6f7
12.Nd2b3 b6
13.a5 g5
14.Be2b5 Nc6b8
15.Nf3d2 gxf4
16.Nd2xe4 dxe4
17.Bc1xf4 Be7g5
18.Bf4xg5 Qd8xg5
19.axb6 cxb6
20.d5 Qg5e7
21.dxe6 Qe7xe6
22.Nb3d4 Qe6xe5
23.Rf1xf5 Qe5e7
24.Bb5c4 Nb8d7
25.Nd4c6 Qe7e8
26.Qd1d4 { resign }
1-0

[Event "Tourn. n9702"]
[Site "www.chess-mail.com"]
[Date "2018.02.09"]
[Round "1"]
[White "Pellix84"]
[Black "Bojan"]
[WhiteElo "2060"]
[BlackElo "2050"]
[Result "1-0"]
[Round "1"]
1.d4 d5
2.c4 b6
3.Nb1c3 dxc4
4.e4 Bc8a6
5.Bc1e3 e6
6.Bf1e2 b5
7.a4 b4
8.Nc3b5 c3
9.bxc3 c6
10.e5 cxb5
11.Be2f3 Nb8d7
12.Bf3xa8 Qd8xa8
13.Ng1f3 bxc3
14.axb5 Ba6xb5
15.Qd1b3 Qa8b7
16.Qb3xc3 f6
17.d5 a6
18.Nf3d4 Nd7xe5
19.Nd4xb5 exd5
20.Nb5c7 Kf7
21.O-O Bf8d6
22.Nc7xa6 Ng8e7
23.Rf1b1 Qb7d7
24.Na6b4 Rh8c8
25.Qc3b3 Rc8b8
26.Ra1a7 Qd7e6
27.Qb3a4 Ne5g4
28.Rb1b3 Qe6e4
29.Be3d2 Bd6c5
30.Ra7xe7 Kxe7
31.Nb4c6 Kd6
32.Qa4xe4 dxe4
33.Nc6xb8 Bc5xf2
34.Kf1 e3
35.Bd2b4 Kd5
36.Bb4e1 Ng4xh2
37.Ke2 Bf2g1
38.Rb3b4 h5
39.Nb8d7 Ke6
40.Nd7c5 Kd5
41.Nc5d3 Nh2g4
42.Nd3f4 Kc5
43.Nf4xh5 g6
44.Nh5g3 f5
45.Ng3f1 g5
46.Rb4a4 Kd6
47.Be1b4 Ke6
48.Ra4a6 Kd5
49.Bb4e7 Ng4e5
50.Be7xg5 Ne5c4
51.Bg5xe3 { resign }
1-0

[Event "Match"]
[Site "www.echecsemail.com"]
[Date "2018.02.09"]
[Round "1"]
[White "Robinjut"]
[Black "Llcervello"]
[WhiteElo "1730"]
[BlackElo "1660"]
[Result "1-0"]
[Round "1"]
1.e4 e5
2.Ng1f3 d6
3.d3 Bc8e6
4.Nb1c3 c6
5.Bf1e2 Qd8b6
6.Bc1e3 Qb6xb2
7.Nc3a4 Qb2b5
8.c4 Qb5a6
9.O-O b5
10.cxb5 cxb5
11.d4 Be6c4
12.Be2xc4 bxc4
13.dxe5 Nb8c6
14.Na4c3 Ra8d8
15.Nc3d5 Rd8d7
16.exd6 Bf8xd6
17.Be3d4 Nc6xd4
18.Qd1xd4 f6
19.Ra1c1 Bd6e5
20.Qd4xc4 Qa6d6
21.Qc4c8 Kf7
22.Rc1c7 Ke6
23.Qc8e8 Ng8e7
24.Qe8xh8 Rd7xc7
25.Nd5xc7 Qd6xc7
26.Qh8xg7 h5
27.h4 Qc7d6
28.Nf3xe5 Qd6xe5
29.f3 Qe5f4
30.Rf1b1 Ne7c6
31.Rb1b7 Qf4e3
32.Kh2 Ke5
33.Qg7c7 Kd4
34.Qc7xc6 Kd3
35.Rb7b3 Ke2
36.Rb3xe3 Kxe3
37.Qc6c5 Kf4
38.Qc5xh5 Ke3
39.Qh5g6 Kd2
40.h5 Kc2
41.h6 Kb2
42.h7 Kxa2
43.h8Q a5
44.Qh8g8 Kb1
45.e5 Kc1
46.Qg8c8 Kd1
47.Qg6d3 Ke1
48.Kg3 fxe5
49.Qc8c1 { resign }
1-0

[Event "Match"]
[Site "www.echecsemail.com"]
[Date "2018.02.09"]
[Round "1"]
[White "Caroluigi"]
[Black "Guidom"]
[WhiteElo "1400"]
[BlackElo "2130"]
[Result "1-0"]
[Round "1"]
1.e4 e5
2.Ng1f3 Nb8c6
3.Bf1c4 d6
4.Nb1c3 Bf8e7
5.d4 Bc8g4
6.Bc1e3 Ng8f6
7.h3 Bg4xf3
8.gxf3 exd4
9.Be3xd4 Nc6e5
10.Bc4b3 c5
11.Bb3a4 Kf8
12.Bd4xe5 dxe5
13.Ba4b3 a6
14.a4 g6
15.Qd1e2 Qd8c7
16.Qe2c4 Be7d6
17.Ra1d1 Ra8d8
18.Rh1g1 Kg7
19.Kd2 Nf6h5
20.Nc3d5 Qc7c6
21.Kc1 b5
22.axb5 axb5
23.Qc4e2 c4
24.Bb3a2 Rd8a8
25.Ba2b1 Bd6c5
26.f4 exf4
27.Qe2xh5 Ra8a1
28.Qh5e5 f6
29.Qe5xf4 Rh8f8
30.h4 Kh8
31.h5 g5
32.Qf4f5 b4
33.Rg1xg5 fxg5
34.Qf5e5 Kg8
35.Qe5xg5 Kh8
36.Rd1g1 Bc5d4
37.Nd5e7 Qc6e8
38.Ne7g6 hxg6
39.Qg5h6 Kg8
40.Rg1xg6 Kf7
41.Qh6h7 { resign }
1-0

[Event "Match"]
[Site "www.echecsemail.com"]
[Date "2018.02.09"]
[Round "1"]
[White "Begory"]
[Black "Raulazo"]
[WhiteElo "1570"]
[BlackElo "1820"]
[Result "0-1"]
[Round "1"]
1.d4 d5
2.Bc1f4 Bc8f5
3.Nb1c3 c6
4.e3 e6
5.Bf1d3 Qd8f6
6.Ng1f3 Bf5g4
7.Bf4e5 Qf6e7
8.O-O Nb8d7
9.h3 Bg4h5
10.e4 dxe4
11.Bd3xe4 f6
12.Be5f4 g5
13.Bf4e3 g4
14.hxg4 Bh5xg4
15.Qd1d2 f5
16.Be4d3 Bg4xf3
17.gxf3 Qe7g7
18.Kh2 O-O-O
19.Rf1g1 Qg7f7
20.Rg1g3 Ng8f6
21.f4 Qf7h5
22.Rg3h3 Nf6g4
23.Kg2 Qh5g6
24.Rh3g3 Ng4xe3
25.Qd2xe3 Qg6f7
26.Kf1 Bf8e7
27.Ke2 Qf7h5
28.Kd2 Be7h4
29.Rg3h3 Qh5g4
30.Bd3e2 Bh4xf2
31.Be2xg4 Bf2xe3
32.Rh3xe3 h5
33.Bg4e2 Nd7f8
34.Be2c4 Rh8h6
35.Ra1e1 b5
36.Bc4e2 Rd8xd4
37.Kc1 h4
38.Re1h1 Rd4xf4
39.Re3f3 Rf4b4
40.a3 Rb4d4
41.Be2d3 Nf8g6
42.Nc3e2 Rd4a4
43.c3 Ng6e5
44.Rf3e3 Ne5g4
45.Re3h3 Ng4f2
{ resign }
0-1

[Event "Match"]
[Site "www.echecsemail.com"]
[Date "2018.02.09"]
[Round "1"]
[White "Susov"]
[Black "Muderfuger"]
[WhiteElo "1770"]
[BlackElo "1499"]
[Result "1-0"]
[Round "1"]
1.e4 Ng8h6
2.d4 Nb8c6
3.Nb1c3 f5
4.e5 g5
5.Bc1xg5 Rh8g8
6.Bg5xh6 Bf8xh6
7.Qd1h5 Rg8g6
8.Ng1f3 Nc6b4
9.Bf1d3 d5
10.Nf3h4 Kf7
11.Nh4xg6 hxg6
12.Qh5xh6 a5
13.Qh6h7 Ke6
14.O-O g5
15.Qh7xf5 { resign }
1-0

[Event "Match"]
[Site "www.echecsemail.com"]
[Date "2018.02.09"]
[Round "1"]
[White "Sonny1000"]
[Black "Cal"]
[WhiteElo "1550"]
[BlackElo "1620"]
[Result "0-1"]
[Round "1"]
1.e4 e5
2.Nb1c3 a6
3.Qd1f3 Ng8f6
4.a4 c6
5.d3 h6
6.h4 Bf8e7
7.Bc1e3 d6
8.b3 b6
9.Ke2 Bc8g4
10.Qf3xg4 Nf6xg4
11.Be3d2 Nb8d7
12.Ng1f3 O-O
13.b4 f5
14.exf5 Rf8xf5
15.Nc3e4 d5
16.Ne4g3 Nd7f6
17.Ng3xf5 Be7f8
18.c3 Qd8d7
19.Nf3xe5 Ng4xe5
20.d4 Qd7xf5
21.dxe5 Qf5xe5
22.Kd1 Ra8d8
23.Bf1d3 Qe5h5
24.Bd3e2 Nf6g4
25.Bd2e1 c5
26.b5 d4
27.bxa6 dxc3
28.Kc2 Qh5f5
29.Kc1 c2
30.a7 Ng4e5
31.Ra1b1 Rd8a8
32.a5 Ra8xa7
33.Rb1xb6 Qf5e4
34.a6 c4
35.Be2h5 Bf8a3
36.Rb6b2 Ra7xa6
37.Bh5e8 Ba3xb2
38.Kxb2 Ne5d3
39.Kc3 Ra6a3
40.Kd2 c1Q
{ resign }
0-1

[Event "1/128 Finale"]
[Site "www.chess-mail.com"]
[Date "2018.02.09"]
[Round "1"]
[White "Guidom"]
[Black "Axphis"]
[WhiteElo "2130"]
[BlackElo "1809"]
[Result "0-1"]
[Round "1"]
1.e4 e5
2.Ng1f3 Nb8c6
3.Bf1b5 Ng8f6
4.d3 d6
5.O-O Bf8e7
6.c3 Bc8d7
7.Bc1g5 h6
8.Bg5h4 a6
9.Bb5a4 g5
10.Bh4g3 Qd8c8
11.Rf1e1 Nf6h5
12.Nf3xe5 dxe5
13.Qd1xh5 Bd7g4
14.Ba4xc6 bxc6
15.Bg3xe5 Bg4xh5
16.Be5xh8 Qc8b7
17.c4 f6
18.b3 Qb7b4
19.Kf1 Kf7
20.h3 Ra8xh8
21.g4 Be7c5
22.gxh5 Bc5d4
23.a3 Qb4xb3
{ resign }
0-1

[Event "1/64 Finale"]
[Site "www.chess-mail.com"]
[Date "2018.02.09"]
[Round "1"]
[White "Bojan"]
[Black "Begory"]
[WhiteElo "1970"]
[BlackElo "1610"]
[Result "1-0"]
[Round "1"]
1.e4 e5
2.Ng1f3 Nb8c6
3.c3 Bf8c5
4.d4 exd4
5.cxd4 Bc5b6
6.d5 Nc6e7
7.Bf1c4 d6
8.a3 Ng8f6
9.Nb1c3 Nf6g4
10.Nf3d4 Bb6xd4
11.Qd1xd4 O-O
12.h3 Ng4f6
13.Bc1g5 Nf6d7
14.f4 f6
15.Bg5h4 c6
16.O-O c5
17.Qd4e3 Nd7b6
18.Bc4b3 c4
19.Bb3c2 Rf8e8
20.Nc3b5 a6
21.Nb5d4 Ne7g6
22.Bh4e1 Nb6xd5
23.Qe3d2 Nd5b6
24.g4 d5
25.Nd4f5 dxe4
26.Qd2xd8 Re8xd8
27.Be1a5 Bc8xf5
28.gxf5 Ng6e7
29.Ba5xb6 Rd8d2
30.Bc2xe4 Rd2xb2
31.Bb6c5 Kf7
32.Rf1e1 g6
33.Bc5xe7 Ra8e8
34.Be7b4 b6
35.Be4d5 { resign }
1-0

[Event "Tourn. n9720"]
[Site "www.chess-mail.com"]
[Date "2018.02.10"]
[Round "1"]
[White "Caroluigi"]
[Black "Hansen"]
[WhiteElo "1510"]
[BlackElo "1520"]
[Result "1-0"]
[Round "1"]
1.e4 d5
2.exd5 a6
3.c4 c5
4.d3 Qd8d6
5.Nb1c3 g6
6.Bc1e3 Qd6e5
7.Ng1f3 Qe5f5
8.Be3xc5 Nb8d7
9.Bc5d4 f6
10.Qd1a4 Qf5f4
11.Bf1e2 e5
12.dxe6 Ng8h6
13.Nc3d5 b5
14.cxb5 Qf4f5
15.Nd5c7 Ke7
16.Nc7xa8 Bc8b7
17.bxa6 Bb7xa8
18.Qa4xd7 
1-0

[Event "Tourn. n9713"]
[Site "www.chess-mail.com"]
[Date "2018.02.10"]
[Round "1"]
[White "Bojan"]
[Black "Aljekiene"]
[WhiteElo "1940"]
[BlackElo "2059"]
[Result "0-1"]
[Round "1"]
1.e4 c5
2.Ng1f3 e6
3.b3 d5
4.exd5 exd5
5.Bc1b2 Ng8f6
6.Qd1e2 Bf8e7
7.Bb2xf6 gxf6
8.h3 Nb8c6
9.c3 O-O
10.Nf3h2 Rf8e8
11.Qe2f3 Nc6e5
12.Qf3h5 Be7f8
13.Bf1b5 Ne5d3
14.Kd1 Nd3xf2
15.Kc2 Re8e5
16.Qh5f3 Nf2xh1
17.Nb1a3 Re5f5
18.Qf3e2 Nh1g3
19.Qe2e3 Qd8d6
20.Nh2g4 Qd6f4
21.Qe3e8 Rf5e5
22.Ng4xe5 Bc8f5
23.Kc1 Ra8xe8
24.Bb5xe8 Ng3e2
25.Kd1 Qf4f1
{ resign }
0-1

[Event "Tourn. n9701"]
[Site "www.chess-mail.com"]
[Date "2018.02.10"]
[Round "1"]
[White "Falcoale"]
[Black "Pachi"]
[WhiteElo "1900"]
[BlackElo "1640"]
[Result "1-0"]
[Round "1"]
1.e4 e5
2.Ng1f3 d6
3.b3 Bc8g4
4.h3 Bg4xf3
5.Qd1xf3 f6
6.Bc1a3 Nb8c6
7.c3 g6
8.Bf1b5 Qd8e7
9.O-O O-O-O
10.Qf3e3 Kb8
11.Bb5xc6 bxc6
12.c4 c5
13.Nb1c3 Bf8h6
14.Qe3e2 f5
15.Ra1b1 Kc8
16.Nc3d5 Qe7g5
17.b4 Ng8f6
18.bxc5 Nf6xe4
19.Nd5e3 dxc5
20.Rb1d1 Rd8d4
21.Ba3b2 Rd4d7
22.Bb2xe5 Rh8d8
23.Be5h2 Ne4xd2
24.Rf1e1 Qg5e7
25.Ne3d5 Qe7h4
26.Rd1xd2 Bh6xd2
27.Qe2xd2 Qh4xc4
28.Qd2a5 Qc4xd5
29.Qa5xa7 c4
30.Bh2g3 c3
31.Re1b1 Rd7f7
32.Rb1b8 Kd7
33.Qa7a4 c6
34.Rb8b1 Ke8
35.Bg3h4 Rd8d6
36.Rb1e1 Rd6e6
37.Qa4a8 Kd7
38.Qa8d8 { resign }
1-0

[Event "Tourn. n9694"]
[Site "www.chess-mail.com"]
[Date "2018.02.10"]
[Round "1"]
[White "Jazzy"]
[Black "Sachpat"]
[WhiteElo "2260"]
[BlackElo "2810"]
[Result "0-1"]
[Round "1"]
1.d4 Ng8f6
2.Bc1g5 d5
3.e3 Nb8d7
4.Nb1d2 e6
5.c3 Bf8e7
6.f4 c5
7.Bf1d3 h6
8.Bg5xf6 Nd7xf6
9.Ng1f3 O-O
10.O-O Qd8b6
11.Qd1c2 c4
12.Bd3e2 Nf6g4
13.Nf3e5 Ng4xe3
14.Qc2c1 Ne3xf1
15.Nd2xf1 Be7d6
16.Ra1b1 Qb6c7
17.Qc1e3 b5
18.g4 f6
{ resign }
0-1

[Event "Tourn. n9696"]
[Site "www.chess-mail.com"]
[Date "2018.02.10"]
[Round "1"]
[White "Pachi"]
[Black "Julian"]
[WhiteElo "1640"]
[BlackElo "1760"]
[Result "0-1"]
[Round "1"]
1.e4 c5
2.c3 Nb8c6
3.Bf1b5 d5
4.Bb5xc6 bxc6
5.exd5 cxd5
6.d4 e6
7.Ng1e2 Ng8f6
8.Bc1g5 Bf8e7
9.Ne2f4 O-O
10.Bg5xf6 Be7xf6
11.dxc5 Bc8a6
12.b4 d4
13.Qd1f3 dxc3
14.Nb1xc3 Qd8d4
15.Ra1c1 Ra8d8
16.Qf3e3 Qd4xb4
17.c6 Qb4c4
18.Nc3e4 Qc4b4
19.Ne4c3 Bf6d4
20.Qe3e4 Bd4xc3
{ resign }
0-1

[Event "Tourn. n9694"]
[Site "www.chess-mail.com"]
[Date "2018.02.10"]
[Round "1"]
[White "Destructor"]
[Black "Jazzy"]
[WhiteElo "2579"]
[BlackElo "2260"]
[Result "1-0"]
[Round "1"]
1.e4 d6
2.d4 Ng8f6
3.Nb1c3 Nb8d7
4.f4 e5
5.Ng1f3 Bf8e7
6.fxe5 dxe5
7.dxe5 Nf6g8
8.Bf1c4 Nd7b6
9.Qd1xd8 Be7xd8
10.Bc4b3 Ng8e7
11.Nf3g5 O-O
12.O-O h6
13.Ng5xf7 { resign }
1-0

[Event "Tourn. n9671"]
[Site "www.chess-mail.com"]
[Date "2018.02.10"]
[Round "1"]
[White "Claymil"]
[Black "Falcoale"]
[WhiteElo "2030"]
[BlackElo "1870"]
[Result "1/2-1/2"]
[Round "1"]
1.c4 e6
2.Nb1c3 Ng8f6
3.g3 c6
4.Bf1g2 d5
5.cxd5 exd5
6.d4 Bf8d6
7.h3 O-O
8.e3 Bc8f5
9.Ng1e2 Rf8e8
10.O-O Qd8d7
11.Kh2 Nb8a6
12.a3 Na6c7
13.Ne2f4 Nc7e6
14.Nc3e2 Ne6g5
15.g4 Bf5g6
16.Ne2g3 Ng5e4
17.Nf4xg6 hxg6
18.Qd1e1 c5
19.dxc5 Ne4xc5
20.f4 Bd6xf4
21.Rf1xf4 Nc5d3
22.Qe1f1 Nd3xf4
23.Qf1xf4 Ra8c8
24.Bc1d2 Rc8c2
25.Bd2c3 Nf6e4
26.Ng3xe4 Re8xe4
27.Qf4f3 Qd7e6
28.Ra1d1 Re4xe3
29.Qf3xd5 Qe6xd5
30.Rd1xd5 Re3e2
31.Kg3 Re2xg2
32.Kh4 Rc2xb2
33.Bc3xb2 Rg2xb2
34.Rd5d8 Kh7
35.Rd8d7 Rb2b3
36.Rd7xf7 a5
37.a4 b5
38.axb5 Rb3xb5
39.Rf7a7 g5
40.Kh5 Kg8
41.Kg6 Rb5b6
42.Kxg5 Rb6b5
43.Kg6 Rb5b6
44.Kg5 Rb6b5
45.Kg6 Rb5b6
46.Kg5 Rb6b5
47.Kg6 Rb5b6
48.Kg5 Rb6b5
{ draw }
1/2-1/2

[Event "Match"]
[Site "www.echecsemail.com"]
[Date "2018.02.10"]
[Round "1"]
[White "Osvalazo"]
[Black "Whitekknight"]
[WhiteElo "1810"]
[BlackElo "1970"]
[Result "1-0"]
[Round "1"]
1.e4 e5
2.Bf1c4 Ng8f6
3.c3 Nb8c6
4.Bc4d5 Nf6xd5
5.exd5 Nc6e7
6.Ng1f3 Ne7xd5
7.Qd1b3 c6
8.O-O d6
9.Rf1e1 Bf8e7
10.d4 O-O
11.c4 Nd5f4
12.Bc1xf4 exf4
13.Re1e4 b6
14.Re4xf4 Be7f6
15.Nb1d2 Bc8e6
16.d5 cxd5
17.cxd5 Be6d7
18.Qb3b4 Bf6e7
19.Ra1e1 Be7g5
20.Rf4e4 Bd7f5
21.Re4e2 Bg5f4
22.Qb4xf4 Bf5d7
23.Nf3g5 Qd8c7
24.Qf4g3 h6
25.Ng5e4 Ra8e8
26.Ne4f6 { resign }
1-0

[Event "Match"]
[Site "www.echecsemail.com"]
[Date "2018.02.10"]
[Round "1"]
[White "Pinehill"]
[Black "Jovaras"]
[WhiteElo "2010"]
[BlackElo "1809"]
[Result "1-0"]
[Round "1"]
1.e4 c5
2.Ng1f3 d6
3.Bf1b5 Nb8d7
4.c3 Ng8f6
5.e5 dxe5
6.Nf3xe5 a6
7.Bb5xd7 Bc8xd7
8.d4 e6
9.O-O Bf8e7
10.Bc1g5 O-O
11.dxc5 Bd7e8
12.b4 Nf6d5
13.Bg5xe7 Qd8xe7
14.Rf1e1 Ra8d8
15.Qd1f3 Be8a4
16.Nb1d2 Qe7g5
17.Nd2c4 Ba4b5
18.Nc4d6 b6
19.Nd6b7 Rd8c8
20.a4 Bb5c6
21.Nb7d6 Nd5xb4
22.Ne5xc6 Nb4xc6
23.Nd6xc8 Rf8xc8
24.cxb6 { resign }
1-0

[Event "Match"]
[Site "www.echecsemail.com"]
[Date "2018.02.10"]
[Round "1"]
[White "Coraza"]
[Black "Billyg"]
[WhiteElo "1770"]
[BlackElo "1770"]
[Result "1-0"]
[Round "1"]
1.e4 e5
2.Ng1f3 d6
3.Bf1c4 c6
4.d4 b5
5.Bc4b3 Nb8d7
6.Nf3g5 Qd8e7
7.Ng5xf7 d5
8.Nf7xh8 Nd7f6
9.O-O dxe4
10.Bb3f7 Kd8
11.dxe5 Nf6d7
12.Bf7xg8 Kc7
13.Bc1f4 Nd7xe5
14.Nh8f7 Kb7
15.Bf4g5 Qe7c7
16.Bg5d8 Qc7d7
17.Nf7xe5 Qd7xd1
18.Rf1xd1 Bc8f5
19.Bd8a5 Ka6
20.Ne5xc6 Ra8c8
21.Bg8d5 Rc8e8
22.Nb1c3 Bf5d7
23.Ba5c7 Bd7xc6
24.Bd5xc6 Re8e6
25.Bc6xb5 Kb7
26.Rd1d7 Kc8
27.Ra1d1 Bf8e7
28.Bb5c4 Re6f6
29.Rd7xe7 Rf6f8
30.Bc4a6 { resign }
1-0

[Event "Match"]
[Site "www.echecsemail.com"]
[Date "2018.02.10"]
[Round "1"]
[White "Ztornad"]
[Black "Bluetealeaf"]
[WhiteElo "1670"]
[BlackElo "1700"]
[Result "1-0"]
[Round "1"]
1.e4 e5
2.Bf1c4 Qd8f6
3.Qd1f3 Qf6xf3
4.Ng1xf3 f6
5.O-O g5
6.d4 Bf8d6
7.dxe5 Bd6xe5
8.Nf3xe5 fxe5
9.Bc1xg5 d6
10.Nb1c3 h6
11.Bg5e3 Bc8d7
12.f4 Ng8f6
13.Nc3d5 Nf6xd5
14.Bc4xd5 c6
15.Bd5c4 c5
16.f5 Nb8c6
17.c3  { time }
1-0

[Event "Tourn. n9676"]
[Site "www.chess-mail.com"]
[Date "2018.02.11"]
[Round "1"]
[White "Julian"]
[Black "Passaroa25"]
[WhiteElo "1720"]
[BlackElo "1680"]
[Result "1-0"]
[Round "1"]
1.e4 Nb8c6
2.d4 e6
3.Bc1e3 Ng8e7
4.Ng1f3 f6
5.Nb1c3 d6
6.Bf1b5 Bc8d7
7.O-O g5
8.e5 dxe5
9.dxe5 Ne7d5
10.Nc3xd5 exd5
11.Qd1xd5 Nc6xe5
12.Nf3xe5 fxe5
13.Bb5xd7 Qd8xd7
14.Qd5xe5 Kf7
15.Qe5xh8 Qd7f5
16.Qh8c3 c5
17.Ra1d1 b6
18.f4 Kg6
19.fxg5 Qf5e6
20.Rf1f6 Qe6xf6
21.Qc3xf6 Kh5
22.g6 hxg6
23.Qf6g5 
1-0

[Event "Tourn. n9711"]
[Site "www.chess-mail.com"]
[Date "2018.02.11"]
[Round "1"]
[White "Jose"]
[Black "Conde7"]
[WhiteElo "2830"]
[BlackElo "2880"]
[Result "1/2-1/2"]
[Round "1"]
1.d4 Ng8f6
2.c4 e6
3.g3 Bf8b4
4.Nb1d2 O-O
5.Ng1f3 b6
6.Bf1g2 Bc8b7
7.O-O a5
8.Qd1c2 d5
9.Nf3e5 c5
10.cxd5 Bb7xd5
11.e4 Bd5b7
12.dxc5 Qd8c8
13.Nd2c4 Bb4xc5
14.Bc1f4 b5
15.Nc4a3 Bc5xa3
16.Qc2xc8 Rf8xc8
17.bxa3 Nf6xe4
18.Rf1c1 Nb8a6
19.Ne5d7 Rc8xc1
20.Ra1xc1 f6
21.Bg2f1 e5
22.Bf4e3 Ne4d6
{ draw }
1/2-1/2